000 00803nam a22001817a 4500
999 _c61969
_d61969
003 Ge_BSU
005 20240618100314.0
008 240618s1969 ge ||||| |||| 00| 0 geo d
041 _ageo
080 _a61(479.22)(092) ჯ-14
100 _aჯავახიშვილი, დიმიტრი
_922461
245 _aმოგონებათა ფურცლები /
_cდიმიტრი ჯავახიშვილი; რედ. ა გეწაძე.
264 _aთბილისი :
_bსაბჭ. საქართველო,
_c1969.
300 _a143 გვ. :
_b1 ფ. პორტრ. ;
_c17 სმ
653 _aქართველი ექიმები
700 _aგეწაძე, ა.
_eრედაქტორი
_922462
942 _2udc
_cᲬᲘᲒᲜᲘ